| 000 | 01246nam a2200361 i 4500 | ||
|---|---|---|---|
| 001 | 768714001 | ||
| 003 | CO-MdFUSB | ||
| 005 | 20210927101439.0 | ||
| 007 | ta | ||
| 008 | 200304t2018 ck |||| |||| 00| 0 spa d | ||
| 020 | _a9789585936799 | ||
| 040 |
_aCO-MdFUSB _bspa _cCO-MdFUSB _dCO-MdFUSBC _erda |
||
| 041 | _aspa | ||
| 082 |
_223 _a467 _bES82 |
||
| 100 |
_aEstrada P. Omar _eautor |
||
| 245 |
_aExpresiones y localismos antioqueños : _bantioquean expressions and localisms _c/ Omar Estrada P ; Andrés Felipe Quintero A. |
||
| 264 | 1 |
_aMedellín, Colombia : _bFondo Editorial del Instituto de Cultura y Patrimonio de Antioquia, _c[2018] |
|
| 264 | 4 | _c© 2018 | |
| 300 |
_c; 772 páginas _a29 cm |
||
| 336 |
_2rdacontent _atexto _btxt |
||
| 337 |
_2rdamedia _asin mediación _bn |
||
| 338 |
_2rdacarrier _avolumen _bnc |
||
| 505 | _aDiccionario de expresiones paisas | ||
| 563 | _aTapa dura | ||
| 653 | _aColombianismos - Antioquia. | ||
| 653 | _aRegionalismo - Antioquia (Colombia). | ||
| 653 | _aAntioqueñismos - Diccionarios. | ||
| 653 | _aEspañol - Provincialismos - Antioquia (Colombia). | ||
| 700 |
_92975 _a Quintero A, Andrés Felipe. _eautor |
||
| 942 | _cREF | ||
| 945 | _aJTF-925 | ||
| 999 |
_c65423 _d65423 |
||